| 000 | 00488cam a22001337a 4500 | ||
|---|---|---|---|
| 008 | 180718b1983 xxu||||| |||| 00| 0 eng d | ||
| 082 | _aT2196x54 In2st | ||
| 100 | _aDoraiswamy, Ravathi | ||
| 245 |
_aStudies in district development Purulia, Saharanpur, Malappuam, Koraput _cby Revathi Doraiswamy and others |
||
| 260 |
_aBangalore _bIndian Institute of Management _c1983 |
||
| 300 | _av.p. | ||
| 650 | _aIndustry, Small -Scale - India | ||
| 700 | _aIndian Institute of Management, Bangalore | ||
| 999 |
_c476853 _d476853 |
||